| 000 | 00371nam a22001457a 4500 | ||
|---|---|---|---|
| 008 | 210301b ||||| |||| 00| 0 eng d | ||
| 020 | _a9780721693880 | ||
| 041 | _aeng | ||
| 080 |
_24th _a610.73 |
||
| 082 | _a610.73 | ||
| 100 | _a1 | ||
| 101 | _aINF | ||
| 245 |
_aInterpersonal Relationships Professional Communication Skills for Nurses _cArnold, E |
||
| 942 |
_2udc _cBK |
||
| 999 |
_c55384 _d55384 |
||